[Event "Oberfranken-ch"]
[Site "Schney"]
[Date "2020.01.05"]
[Round "5"]
[White "Stephan, Thanh Hai"]
[Black "Luthardt, Axel"]
[Result "0-1"]
[WhiteElo "1173"]
[BlackElo "1604"]
[PlyCount "74"]
[EventDate "2020.01.03"]
[EventType "swiss"]
[EventRounds "7"]
[EventCountry "GER"]
[SourceTitle "CBM 194 Extra"]
[Source "ChessBase"]
[SourceDate "2020.03.31"]
[SourceVersion "1"]
[SourceVersionDate "2020.03.31"]
[SourceQuality "1"]

1. e4 g6 2. Nf3 Bg7 3. d4 c5 4. Be3 cxd4 5. Bxd4 Bxd4 6. Qxd4 Nf6 7. e5 Nc6 8. Qe3 Nd5 9. Qb3 Qa5+ 10. Nbd2 0-0 11. Bc4 Nb6 12. 0-0 Nxe5 13. Nxe5 Qxe5 14. Rfe1 Qf4 15. Rad1 e6 16. Re4 Qc7 17. Qh3 e5 18. Rh4 d5 19. Qe3 dxc4 20. Qh6 f6 21. Ne4 Bf5 22. Nc5 Rf7 23. Qe3 Rc8 24. Ne4 Bxe4 25. Rxe4 Rd8 26. Re1 Rfd7 27. f4 exf4 28. Rxf4 Kg7 29. Qf3 Nd5 30. Rh4 b5 31. Qh3 Kg8 32. Qe6+ Rf7 33. Rhe4 Nf4 34. Qg4 f5 35. Qxf4 fxe4 36. Qxc7 Rxc7 37. Rxe4 Rf7 0-1

[Event "Oberfranken-ch"]
[Site "Schney"]
[Date "2020.01.03"]
[Round "2"]
[White "Luthardt, Axel"]
[Black "Daum, Matthias"]
[Result "0-1"]
[WhiteElo "1604"]
[BlackElo "1918"]
[PlyCount "96"]
[EventDate "2020.01.03"]
[EventType "swiss"]
[EventRounds "7"]
[EventCountry "GER"]
[SourceTitle "CBM 194 Extra"]
[Source "ChessBase"]
[SourceDate "2020.03.31"]
[SourceVersion "1"]
[SourceVersionDate "2020.03.31"]
[SourceQuality "1"]

1. g3 c5 2. Bg2 Nf6 3. c4 e6 4. Nf3 Be7 5. 0-0 0-0 6. Nc3 Nc6 7. e3 d5 8. cxd5 exd5 9. d4 Bg4 10. dxc5 Bxc5 11. h3 Bh5 12. g4 Bg6 13. a3 Qd7 14. b4 Bb6 15. Bb2 Rad8 16. Ne2 Ne4 17. Nfd4 Rfe8 18. Nf4 Ne5 19. Nxg6 Nxg6 20. Nf3 f5 21. gxf5 Qxf5 22. Nd4 Qg5 23. Qg4 Qxg4 24. hxg4 Ne5 25. f3 Nd2 26. Rfd1 Nec4 27. Ra2 Rxe3 28. Kh1 Nxb2 29. Rxd2 Nc4 30. Rd1 Rxa3 31. Rxa3 Nxa3 32. f4 Kf7 33. Bf3 Nc4 34. Rd3 Bxd4 35. Rxd4 Ke6 36. Bxd5+ Rxd5 37. Rxc4 Kd6 38. Kg2 a5 39. bxa5 Rxa5 40. Kf3 b5 41. Rb4 Kc5 42. Rb1 b4 43. Ke3 Rb5 44. Kd3 b3 45. Rb2 Rb4 46. g5 Rxf4 47. Rxb3 Rf3+ 48. Kc2 Rxb3 0-1

[Event "Oberfranken-ch"]
[Site "Schney"]
[Date "2017.01.03"]
[Round "2"]
[White "Stephan, Thanh Hai"]
[Black "Luthardt, Axel"]
[Result "1-0"]
[WhiteElo "1076"]
[BlackElo "1477"]
[PlyCount "91"]
[EventDate "2017.01.03"]
[EventType "swiss"]
[EventRounds "7"]
[EventCountry "GER"]
[SourceTitle "CBM 176 Extra"]
[Source "ChessBase"]
[SourceDate "2017.03.02"]
[SourceVersion "1"]
[SourceVersionDate "2017.03.02"]
[SourceQuality "1"]

1. e4 d6 2. d4 Nf6 3. Nc3 g6 4. Bg5 Bg7 5. Nf3 h6 6. Bxf6 Bxf6 7. e5 Bg7 8. Bc4 0-0 9. 0-0 c6 10. exd6 Qxd6 11. Re1 e6 12. Re4 Nd7 13. Ne5 Nf6 14. Rf4 Nd5 15. Bxd5 exd5 16. Nd3 Bf5 17. Rf3 Bxd4 18. Qd2 Bg7 19. Re1 Rfe8 20. Rfe3 Rxe3 21. Rxe3 d4 22. Ne1 Rd8 23. Ne4 dxe3 24. Qxd6 exf2+ 25. Kxf2 Rxd6 26. Nxd6 Be6 27. b3 b6 28. Nd3 Bf8 29. Nc4 f6 30. Ke3 Bxc4 31. bxc4 Kf7 32. Kd4 g5 33. a4 a6 34. c5 b5 35. axb5 axb5 36. Nb4 Ke6 37. Nxc6 Bg7 38. Na7 f5+ 39. Kd3 Kd5 40. c6 Be5 41. Nxb5 Kxc6 42. Nd4+ Bxd4 43. Kxd4 Kd6 44. c4 h5 45. c5+ Kc6 46. Ke5 1-0